<?xml version="1.0" encoding="UTF-8"?>
<record
    xmlns:xsi="http://www.w3.org/2001/XMLSchema-instance"
    xsi:schemaLocation="http://www.loc.gov/MARC21/slim http://www.loc.gov/standards/marcxml/schema/MARC21slim.xsd"
    xmlns="http://www.loc.gov/MARC21/slim">

  <leader>00544cam a22001451  4500</leader>
  <datafield tag="082" ind1="0" ind2="0">
    <subfield code="a">972.91</subfield>
    <subfield code="b">ABE</subfield>
    <subfield code="c">L-28. P-79</subfield>
  </datafield>
  <datafield tag="100" ind1="1" ind2=" ">
    <subfield code="a">Abel, Elie.</subfield>
    <subfield code="9">46593</subfield>
  </datafield>
  <datafield tag="245" ind1="1" ind2="4">
    <subfield code="a">The missiles of October:</subfield>
    <subfield code="b">the story of the Cuban missile crisis, 1962.</subfield>
  </datafield>
  <datafield tag="260" ind1=" " ind2=" ">
    <subfield code="a">London,</subfield>
    <subfield code="b">MacGibbon &amp; Kee,</subfield>
    <subfield code="c">1966.</subfield>
  </datafield>
  <datafield tag="300" ind1=" " ind2=" ">
    <subfield code="a">204 p.</subfield>
    <subfield code="b">8 plates (incl. facsim.)</subfield>
    <subfield code="c">20 1/2 cm.</subfield>
  </datafield>
  <datafield tag="500" ind1=" " ind2=" ">
    <subfield code="a">Originally published as The missle crisis. Philadelphia, Lippincott, 1966.</subfield>
  </datafield>
  <datafield tag="526" ind1=" " ind2=" ">
    <subfield code="a">0</subfield>
    <subfield code="b">0</subfield>
    <subfield code="c">0</subfield>
    <subfield code="d">972_910000000000000_ABE</subfield>
  </datafield>
  <datafield tag="650" ind1=" " ind2="0">
    <subfield code="a">Cuban Missile Crisis, 1962.</subfield>
    <subfield code="9">46594</subfield>
  </datafield>
  <datafield tag="942" ind1=" " ind2=" ">
    <subfield code="2">ddc</subfield>
    <subfield code="c">BK</subfield>
  </datafield>
  <datafield tag="999" ind1=" " ind2=" ">
    <subfield code="c">549894</subfield>
    <subfield code="d">549894</subfield>
  </datafield>
  <datafield tag="952" ind1=" " ind2=" ">
    <subfield code="0">0</subfield>
    <subfield code="1">0</subfield>
    <subfield code="2">ddc</subfield>
    <subfield code="4">0</subfield>
    <subfield code="7">0</subfield>
    <subfield code="a">MCE</subfield>
    <subfield code="b">MCE</subfield>
    <subfield code="d">2014-10-15</subfield>
    <subfield code="l">1</subfield>
    <subfield code="o">972.91 ABE</subfield>
    <subfield code="p">MCE-3052</subfield>
    <subfield code="r">2017-02-08</subfield>
    <subfield code="s">2017-01-04</subfield>
    <subfield code="w">2014-10-15</subfield>
    <subfield code="y">BK</subfield>
  </datafield>
</record>
